Les joueurs passés par le DFCO - Statistiques

Statistiques générales
  • Ce quiz a été pris 43 fois
  • Le résultat moyen est 8 sur 20
Answers on the Grid
Answers color-coded by a green-red scale on the quiz's grid according to % correct below.
Romain Philippoteaux
Florian Jarjat
Mehdi Courgnaud
Benjamin André
Gauthier Hein
Eric Bauthéac
Issam Jemâa
Sébastien Puygrenier
Christopher Jullien
Thomas Guerbert
Julien Faussurier
Stéphane Jobard
Vincent Hognon
David Linarès
Abdoulaye Meïté
Damien Perquis
Nicolas Maurice-Belay
Modibo Maïga
Pierre-Emerick Aubameyang
Ryad Boudebouz
Florent Balmont
Rio Mavuba
Alaixys Romao
Alaeddine Yahia
Ishak Belfodil
Nayef Aguerd
Mounir Chouiar
Jérémy Vachoux
Hervé Bugnet
Mathieu Cafaro
Fouad Chafik
Sory Kaba
Harold Moukoudi
Romain Poyet
Kévin Bru
Delvin Ndinga
Jordan Lotiès
Anthony Le Tallec
Lucas Deaux
Yannis Salibur
 
Statistiques - réponses
Réponse % Correct
Florent Balmont
70%
Fouad Chafik
60%
Pierre-Emerick Aubameyang
53%
Romain Philippoteaux
53%
Eric Bauthéac
50%
David Linarès
47%
Nayef Aguerd
47%
Stéphane Jobard
47%
Christopher Jullien
43%
Jordan Lotiès
40%
Mounir Chouiar
37%
Lucas Deaux
33%
Thomas Guerbert
33%
Abdoulaye Meïté
30%
Mehdi Courgnaud
27%
Florian Jarjat
23%
Sory Kaba
23%
Romain Poyet
20%
Hervé Bugnet
13%
Kévin Bru
10%
Aucun quiz correspondant
Distribution des résultats
% des personnes avec chaque résultat
Percentile par nombre de réponses
Votre historique - résultats
Vous n’avez pas pris ce quiz